<?xml version="1.0" encoding="UTF-8"?><?xml-stylesheet type="text/xsl" href="static/style.xsl"?><OAI-PMH xmlns="http://www.openarchives.org/OAI/2.0/" xmlns:xsi="http://www.w3.org/2001/XMLSchema-instance" xsi:schemaLocation="http://www.openarchives.org/OAI/2.0/ http://www.openarchives.org/OAI/2.0/OAI-PMH.xsd"><responseDate>2026-04-17T19:00:29Z</responseDate><request verb="GetRecord" identifier="oai:riubu.ubu.es:10259/9789" metadataPrefix="marc">https://riubu.ubu.es/oai/request</request><GetRecord><record><header><identifier>oai:riubu.ubu.es:10259/9789</identifier><datestamp>2024-12-17T01:05:26Z</datestamp><setSpec>com_10259_9301</setSpec><setSpec>com_10259_9300</setSpec><setSpec>com_10259.4_106</setSpec><setSpec>com_10259_2604</setSpec><setSpec>col_10259_9302</setSpec></header><metadata><record xmlns="http://www.loc.gov/MARC21/slim" xmlns:doc="http://www.lyncode.com/xoai" xmlns:xsi="http://www.w3.org/2001/XMLSchema-instance" xmlns:dcterms="http://purl.org/dc/terms/" xsi:schemaLocation="http://www.loc.gov/MARC21/slim http://www.loc.gov/standards/marcxml/schema/MARC21slim.xsd">
<leader>00925njm 22002777a 4500</leader>
<datafield tag="042" ind1=" " ind2=" ">
<subfield code="a">dc</subfield>
</datafield>
<datafield tag="720" ind1=" " ind2=" ">
<subfield code="a">Nascimento, Antonia Maiara Marques do</subfield>
<subfield code="e">author</subfield>
</datafield>
<datafield tag="720" ind1=" " ind2=" ">
<subfield code="a">Barroso, Priscila Alves</subfield>
<subfield code="e">author</subfield>
</datafield>
<datafield tag="720" ind1=" " ind2=" ">
<subfield code="a">Nascimento, Naysa Flavia Ferreira do</subfield>
<subfield code="e">author</subfield>
</datafield>
<datafield tag="720" ind1=" " ind2=" ">
<subfield code="a">Goicoa, Tomás</subfield>
<subfield code="e">author</subfield>
</datafield>
<datafield tag="720" ind1=" " ind2=" ">
<subfield code="a">Ugarte, María Dolores</subfield>
<subfield code="e">author</subfield>
</datafield>
<datafield tag="720" ind1=" " ind2=" ">
<subfield code="a">Montalbán, Itziar Aurora</subfield>
<subfield code="e">author</subfield>
</datafield>
<datafield tag="720" ind1=" " ind2=" ">
<subfield code="a">Moncaleán, Paloma</subfield>
<subfield code="e">author</subfield>
</datafield>
<datafield tag="260" ind1=" " ind2=" ">
<subfield code="c">2020-11</subfield>
</datafield>
<datafield tag="520" ind1=" " ind2=" ">
<subfield code="a">Climatic variations in the current environmental scenario require plants with tolerance to sudden changes in temperature and a decrease in water availability. Accordingly, this tolerance will enable successful plantations and the maintenance of natural and planted forests. Consequently, in the last two decades, drought tolerance and high temperatures in conifers have been an important target for morphological, physiological, and epigenetic studies. Based on this, our research team has optimized different stages of somatic embryogenesis (SE) in Pinus spp. improving the success of the process. Through this method, we can obtain a large amount of clonal material and then analyze the somatic plants under different conditions ex vitro. The analysis of the morphological and physiological parameters in somatic embryos (ses) and plants with different tolerances to abiotic stress can provide us with valuable information about the mechanisms used by plants to survive under adverse environmental conditions. Thus, the objective of this work was to evaluate the influence of high temperatures (23, 40, 50, and 60 °C, after 12 weeks, 90, 30, 5 min, respectively) on the morphology of somatic embryos obtained from Pinus radiata D.Don (Radiata pine) and Pinus halepensis Mill. (Aleppo pine). In addition, we carried out a physiological evaluation of the somatic plants of P. radiata submitted to heat and water stress in a greenhouse. We observed that the number of somatic embryos was not affected by maturation temperatures in both species. Likewise, P. radiata plants obtained from these somatic embryos survived drought and heat stress in the greenhouse. In addition, plants originating from embryonal masses (EMs) subjected to high maturation temperature (40 and 60 °C) had a significant increase in gs and E. Therefore, it is possible to modulate the characteristics of somatic plants produced by the manipulation of environmental conditions during the process of SE.</subfield>
</datafield>
<datafield tag="024" ind2=" " ind1="8">
<subfield code="a">http://hdl.handle.net/10259/9789</subfield>
</datafield>
<datafield tag="024" ind2=" " ind1="8">
<subfield code="a">10.3390/f11111181</subfield>
</datafield>
<datafield tag="024" ind2=" " ind1="8">
<subfield code="a">1999-4907</subfield>
</datafield>
<datafield ind1=" " ind2=" " tag="653">
<subfield code="a">Abiotic stress</subfield>
</datafield>
<datafield ind1=" " ind2=" " tag="653">
<subfield code="a">Embryonal masses</subfield>
</datafield>
<datafield ind1=" " ind2=" " tag="653">
<subfield code="a">Pinus halepensis</subfield>
</datafield>
<datafield ind1=" " ind2=" " tag="653">
<subfield code="a">Pinus radiata</subfield>
</datafield>
<datafield ind1=" " ind2=" " tag="653">
<subfield code="a">Somatic embryogenesis</subfield>
</datafield>
<datafield ind1=" " ind2=" " tag="653">
<subfield code="a">Somatic plantlets</subfield>
</datafield>
<datafield ind1=" " ind2=" " tag="653">
<subfield code="a">Tolerance</subfield>
</datafield>
<datafield tag="245" ind1="0" ind2="0">
<subfield code="a">Pinus spp. Somatic Embryo Conversion under High Temperature: Effect on the Morphological and Physiological Characteristics of Plantlets</subfield>
</datafield>
</record></metadata></record></GetRecord></OAI-PMH>